| 000 | 00596nam a2200253Ia 4500 | ||
|---|---|---|---|
| 005 | 20251020182514.0 | ||
| 008 | 200515s9999 xx 000 0 und d | ||
| 020 | _a968-880-949-7 | ||
| 082 | _a658.311/M77 | ||
| 100 | _aNoe, Robert M. | ||
| 100 | _aWayne MondyY, R. | ||
| 245 | 0 | _aAdministración de recursos humanos | |
| 250 | _a6a ed. | ||
| 260 | _aMéxico, D.F. | ||
| 260 | _bPrentice-Hall | ||
| 260 | _c1997 | ||
| 300 | _a661 p. | ||
| 300 | _bil.; tbls. | ||
| 500 | _a1 ejemplar | ||
| 650 | _aADMINISTRACION | ||
| 650 | _aRECURSOS HUMANOS | ||
| 942 | _cLIB | ||
| 999 |
_c1535 _d1535 |
||